Dve nové databázy v Univerzitnej knižnici v Bratislave

Bibliographic Details
Main Author: Svobodová, Bronislava, 1979- (Author)
Format: Article
Language:Slovak
PhysicalDescription:Obr.
ISSN:1335-793X
Subjects:
Online Access:www.ctvisr.sk/itlib

MARC

LEADER 00000nab a2200000 ar4500
001 vtls009005395
003 SK-MaSNL
005 20260304153103.0
008 250506c2007 xo qr|p||| |000 b|slo
015 |a SNBRB2007/07 
035 |a (uuid)48033950-989f-426a-9174-0d55d20b4141 
035 |a urn:nbn:sk:snk-abf504 
035 |a (urnnbn)urn:nbn:sk:snk:ar-a09rfc 
038 |a SPK 
040 |a SNKBUCL  |b slo  |c SNKBUCL  |e AACR2 
041 0 |a slo 
044 |a xo  |c SK 
072 7 |a 004.4/.6  |x Programové vybavenie. Programové prostriedky  |2 konspekt 
072 7 |a 01  |x Bibliografia. Katalógy  |2 konspekt 
080 |a 004.658.2  |2 UDC-MRF-SK2 
080 |a 014  |2 UDC-MRF-SK2 
100 1 |a Svobodová, Bronislava,  |d 1979-  |4 aut  |9 229687 
245 1 0 |a Dve nové databázy v Univerzitnej knižnici v Bratislave  |c Bronislava Svobodová 
300 |b Obr. 
610 2 7 |a Univerzitná knižnica v Bratislave  |2 snkbucl  |9 192279 
650 0 7 |a databázy  |2 snkbucl  |9 885 
650 0 7 |a retrospektívna bibliografia  |2 snkbucl  |9 63970 
773 0 |t IT lib : informačné technológie a knižnice  |g Roč. [11], č. 2 (2007), s. 44-46  |x 1335-793X 
850 |a Slovenská národná knižnica 
852 |a Slovenská národná knižnica 
856 4 1 |u www.ctvisr.sk/itlib 
954 |a odborná, vedecká literatúra pôvodná (slovenská)  |2 lita 
958 |a article27 
958 |a OND 
958 |a EUIPO 
999 |c 2952421  |d 2954351